000 02280nam2a2200289 4500
001 RU\NLR\BIBL_A\022818189
005 20260609112817.0
010 _a978-5-392-45975-9
_bт. 1
035 _a(NLR Aleph) 022818189
090 _a13716113
_c13716113
100 _a20260527d2026 u y0rusy50 ca
101 0 _arus
102 _aRU
105 _ay j 000yy
200 1 _aОбщая часть. Особенная часть: досудебное производство
_fЗагорский Г. И., доктор юридических наук, профессор, заслуженный юрист РСФСР, заслуженный деятель науки РФ, Гаврилов Б. Я., доктор юридических наук, профессор, заслуженный юрист РФ, заслуженный деятель науки РФ, Победкин А. В., доктор юридических наук, профессор [и др.]
210 _d2026
215 _a592 с.
300 _aАвт. указаны на обороте тит. с.
320 _aБиблиогр. в подстроч. примеч.
461 0 _1001RU\NLR\BIBL_A\022818183
_12001#$aУголовно-процессуальное право (уголовный процесс)$eучебник$eдля обучающихся по специальностям 40.05.01 "Правовое обеспечениенациональной безопасности", 40.03.01, 40.04.01 "Юриспруденция" (бакалавриат, магистратура)$eв 2 т.$fпод общей редакцией доктора юридических наук, профессора, заслуженного юриста РСФСР, заслуженного деятеля науки РФ Г. И. Загорского, доктора юридических наук, доцента С. Л. Никоновича$vТ. 1
701 1 _aЗагорский
_bГ. И.
_gГеннадий Ильич
701 1 _aГаврилов
_bБ. Я.
_cд-р юрид. наук
_gБорис Яковлевич
_3RU\NLR\AUTH\7732015
701 1 _aПобедкин
_bА. В.
_gАлександр Викторович
942 _cBOOK
980 _aNB